The 8088 and 8086 microprocessors (Record no. 5045)
[ view plain ]
| 000 -LEADER | |
|---|---|
| fixed length control field | 00548nam a2200181Ia 4500 |
| 003 - CONTROL NUMBER IDENTIFIER | |
| control field | SGT |
| 020 ## - INTERNATIONAL STANDARD BOOK NUMBER | |
| International Standard Book Number | 9788120322073 |
| 082 ## - DEWEY DECIMAL CLASSIFICATION NUMBER | |
| Classification number | 4.165 |
| Item number | TRI |
| 100 ## - MAIN ENTRY--PERSONAL NAME | |
| Personal name | Triebel,Walter A |
| 245 #4 - TITLE STATEMENT | |
| Title | The 8088 and 8086 microprocessors |
| 250 ## - EDITION STATEMENT | |
| Edition statement | 4th Ed. |
| 260 ## - PUBLICATION, DISTRIBUTION, ETC. (IMPRINT) | |
| Name of publisher, distributor, etc | PHI Learning Private Limited |
| Place of publication, distribution, etc | New Delhi |
| Year of Publication | 2003 |
| 300 ## - PAGE DESCRIPTION | |
| No. of Pages | 1019p. |
| 650 ## - SUBJECT ADDED ENTRY--TOPICAL TERM | |
| Topical term or geographic name as entry element | COMPUTER SCIENCE |
| 653 ## - KEYWORDS--INDEX TERM | |
| Keyword term | INTRODUCTION TO MICROPROCESSORS AND MICROCOMPUTERS, ASSEMBLY LANGUAGE PROGRAMMING, MEMORY DEVICES,CIRCUITS,AND SUBSYSTEM DESIGN |
| 700 ## - ADDED ENTRY--PERSONAL NAME | |
| Personal name | Singh,Avtar |
| 942 ## - ADDED ENTRY ELEMENTS (KOHA) | |
| Source of classification or shelving scheme | Dewey Decimal Classification |
| Koha item type | Books |
| Withdrawn status | Lost status | Source of classification or shelving scheme | Damaged status | Not for loan | Home library | Current library | Date acquired | SGTU | Total Checkouts | Full call number | Accession No. (Barcode) | Date last seen | Bill Date | Koha item type | Use restrictions | Shelving location | Date last borrowed |
|---|---|---|---|---|---|---|---|---|---|---|---|---|---|---|---|---|---|
| Dewey Decimal Classification | SGT Engineering Library | SGT Engineering Library | 14/05/2010 | SGTU | 4.165 TRI | FE2363 | 09/02/2015 | 09/02/2015 | Books | ||||||||
| Dewey Decimal Classification | Not For Loan | SGT Engineering Library | SGT Engineering Library | 14/05/2010 | SGTU | 4.165 TRI | FE2364 | 09/02/2015 | 09/02/2015 | Books | Restricted Access | Reference Book | |||||
| Dewey Decimal Classification | SGT Engineering Library | SGT Engineering Library | 06/09/2012 | SGTU | 4.165 TRI | FE5392 | 09/02/2015 | 09/02/2015 | Books | ||||||||
| Dewey Decimal Classification | SGT Engineering Library | SGT Engineering Library | 06/09/2012 | SGTU | 4.165 TRI | FE5393 | 09/02/2015 | 09/02/2015 | Books | ||||||||
| Dewey Decimal Classification | SGT Engineering Library | SGT Engineering Library | 06/09/2012 | SGTU | 1 | 4.165 TRI | FE5938 | 24/04/2018 | 09/02/2015 | Books | 09/04/2018 | ||||||
| Dewey Decimal Classification | SGT Engineering Library | SGT Engineering Library | 06/09/2012 | SGTU | 4.165 TRI | FE5939 | 09/02/2015 | 09/02/2015 | Books | ||||||||
| Dewey Decimal Classification | SGT Engineering Library | SGT Engineering Library | 06/09/2012 | SGTU | 4.165 TRI | FE5940 | 09/02/2015 | 09/02/2015 | Books | ||||||||
| Dewey Decimal Classification | SGT Engineering Library | SGT Engineering Library | 06/09/2012 | SGTU | 4.165 TRI | FE5941 | 09/02/2015 | 09/02/2015 | Books | ||||||||
| Dewey Decimal Classification | SGT Engineering Library | SGT Engineering Library | 06/09/2012 | SGTU | 1 | 4.165 TRI | FE5942 | 30/08/2017 | 09/02/2015 | Books | 30/08/2017 |